[Event "CAN-ch U14"]
[Site "Vancouver"]
[Date "2012.07.04"]
[Round "5"]
[White "Raymond, Alex"]
[Black "Boucher, Maxime"]
[Result "1-0"]
[WhiteElo "921"]
[BlackElo "1166"]
[PlyCount "87"]
[EventDate "2012.07.03"]
[EventType "swiss"]
[EventRounds "7"]
[EventCountry "CAN"]
[SourceTitle "EXT 2022"]
[Source "ChessBase"]
[SourceDate "2021.10.06"]
[SourceVersion "1"]
[SourceVersionDate "2021.10.06"]
[SourceQuality "1"]

1. e4 e5 2. Qh5 Nf6 3. Qxe5+ Be7 4. Nc3 Nc6 5. Qg5 Nxe4 6. Qxg7 Bf6 7. Qg4 Nxc3 8. dxc3 d6 9. Qe2+ Be6 10. g3 Na5 11. Bg2 0-0 12. Nf3 Re8 13. Be3 Nc4 14. 0-0 Nxe3 15. fxe3 Bg4 16. h3 Bxf3 17. Qxf3 Bg5 18. Qg4 Kh8 19. Qd4+ f6 20. Rae1 Re7 21. b4 Qe8 22. e4 c6 23. h4 Bh6 24. Qxf6+ Bg7 25. Qxd6 Rd8 26. Qf4 Rf7 27. Qxf7 Bxc3 28. Qxe8+ Rxe8 29. Re3 Bd4 30. Rfe1 Bxe3+ 31. Rxe3 Rf8 32. e5 Re8 33. b5 cxb5 34. Bxb7 Re7 35. Bd5 a5 36. e6 Kg8 37. Rf3 Kg7 38. c4 bxc4 39. Bxc4 Kh6 40. Kg2 Kh5 41. Rf7 Re8 42. e7 Kg4 43. Rf4+ Kh5 44. Bf7+ 1-0